| 000 | 01137nam a22002777a 4500 | ||
|---|---|---|---|
| 003 | OSt | ||
| 005 | 20250421090135.0 | ||
| 008 | 240828b ||||| |||| 00| 0 eng d | ||
| 040 | _c0 | ||
| 082 | _aDPer 570 J826 2021 v. 53 n. 1-5. | ||
| 100 |
_aSole-Llussa, Anna. _eauthor. _959279 |
||
| 245 |
_aAnnapurna expedition game : _bapplying molecular biology tools to learn genetics / _cAnna Sole-Lluss, Marina Casanovas, Zoel Salvado, Santigo Garcia-Vallve, Cristina Valls and Maite Novo. |
||
| 260 |
_aUnited Kingdom ; _bTaylor & Francis Group, _cNovember 2019. |
||
| 300 |
_avolume 53, pages 519-523, _billustration. |
||
| 500 | _aJournal of Biological Education, v. 53, n. 5, pages 516-523, November 2019. | ||
| 650 | 0 |
_aGenetics. _966488 |
|
| 650 | 0 |
_aBLAST tool. _966489 |
|
| 650 | 0 |
_aPre-service teaches. _966490 |
|
| 700 |
_aSole-Llussa, Anna. _eauthor. _959279 |
||
| 700 |
_aCasanovas, Marina. _eauthor. _959280 |
||
| 700 |
_aSalvado, Zoel. _eauthor. _959281 |
||
| 700 |
_aGarcia-Vallve, Santigo. _eauthor. _959282 |
||
| 700 |
_aValls , Cristina. _eauthor. _959283 |
||
| 700 |
_aNovo, Maite. _eauthor. _959284 |
||
| 942 |
_2ddc _cPER |
||
| 999 |
_c21003 _d21003 |
||